| 000 | 01122nam0a22003011 4500 | ||
|---|---|---|---|
| 001 | rc\2582392 | ||
| 005 | 20250623120433.0 | ||
| 035 | _a(NLR Aleph) 006746843 | ||
| 090 |
_a5702915 _c5702915 |
||
| 100 | _a20110914d1928 |||y0rusy50 ca | ||
| 101 | 0 | _arus | |
| 102 | _aRU | ||
| 105 | _ay z ||||| | ||
| 200 | 1 |
_aДетство и юность. 1850-1872 _fПер. с нем. Ар. М. Гинзбурга _gС предисл. А. Тальгеймера _gПод ред. С. Ш. |
|
| 210 |
_aМосква _aЛенинград _cМосковский рабочий _d[1928] _e[Москва] _gтип. "Красная Пресня" |
||
| 215 |
_a192 с. _d24х16 см. |
||
| 300 | _aДоб. тит. лист: "Eduard Bernstein. Kindheit und jugendjahre. Von 1850 bis 1872" | ||
| 700 | 1 |
_aБернштейн _bЭ. _f1850-1932 _gЭдуард |
|
| 702 | 1 |
_aТальгеймер _bА. _4080 |
|
| 702 | 0 |
_aС. Ш. _4340 |
|
| 702 | 1 |
_aГинзбург _bАр.М. _4730 |
|
| 801 | 0 |
_aRU _bNLR _gpsbo |
|
| 801 | 1 |
_aRU _bELAR _2rusmarc |
|
| 852 |
_aNLR _j43/611 |
||
| 852 |
_aNLR _j18.389.5.48 |
||
| 942 | _cBOOK | ||
| 980 | _aNB | ||